Quizzes
Events
Quiz Creation
Community
Videos
Private Events
Remove Ads
Sign In
Join for FREE
Feedback
Dark Mode
Quiz Categories
Sports
Geography
Music
Movies
Television
Just For Fun
Miscellaneous
History
Literature
Language
Science
Gaming
Entertainment
Religion
Holiday
For Kids
Quiz Lab
Recent
Popular Today
Quiz Kudos Today
Editor Picks
Curator Picks
Quizzes by...
Day
Popularity
Type
Ratings
Length
Year
Community
Subscriptions
Recent Discussions
Orange Saloon
Badges
Playlists
Quests
Create
Leaderboards
Showdown
Live 5
Trivia Bingo
Activity
Puzzle Library
Sporcle Events
Private Events
Virtual Trivia
Globe League
Become a Host
Pub Owners
SporcleCon
Opinionation
Our Games
Videos
Blog
Mobile Apps
Partnerships
Remove Ads and Go Orange
Feedback
Miscellaneous
Crossword
General Knowledge
Baby Names
Logo
Food
Cars
Numbers
Grab Bag
University
College
Popular
Company
Slogans
Restaurants
Justice
Letter
Miscellaneous
Crossword
General Knowledge
Baby Names
Logo
Food
Cars
Numbers
Grab Bag
University
College
Popular
Company
Slogans
Restaurants
Justice
Letter
Random Quiz
Search Sporcle
×
Quiz Lab
Quiz Lab
Miscellaneous
Pop Music
Type in answers that appear in a list
Type in answers that appear in a list
Classic
Best Score? Go Orange.
Name the Britney Perfume Stats
Can you name the Britney Perfume?
By
JoshuaTonks
10m
21 Questions
66 Plays
66 Plays
66 Plays
Comments
Comments
Give Quiz Kudos
Give Quiz Kudos
-
- Ratings
hide this ad
Replay
Link that replays current quiz
Next Quiz
Link to next quiz in quiz playlist
You Got
0%
They Got
Avg Score
53%
Avg Friend Score
Upgrade to see
Score Distribution
Jump to the score distribution portion of the page
Score
0/21
Timer
10:00
0
Plays Today
Hint
Answer
% Correct
2005, 'Everybody has one.'
Fantasy
93.9%
2004, 'Do you dare?'
Curious
92.4%
2006, 'Magic Begins at Midnight'
Midnight Fantasy
83.3%
2013, 'What's your island fantasy?'
Island Fantasy
72.7%
2016, '... take a bow'
Private Show
71.2%
2007, 'The greatest freedom is to believe in yourself.'
Believe
65.2%
2010, 'Choose your own destiny'
Radiance
62.1%
2009, 'Where nothing is what it seems'
Circus Fantasy
57.6%
2014, 'Unlock your rock 'n' roll side'
Rocker Femme Fantasy
56.1%
2016, 'Aloha from Hawaii, xoxo -
Britney'
Maui Fantasy
54.5%
2008, 'Live yours to the fullest'
Curious Heart
50%
Hint
Answer
% Correct
2014, 'Everybody has one. Naughty or Nice?'
Fantasy The Naughty Remix
45.5%
2014, 'Everybody has one. Naughty or Nice?'
Fantasy The Nice Remix
43.9%
2006, 'Are you?'
Curious In Control
42.4%
2009, 'What do you have to hide?'
Hidden Fantasy
42.4%
2011, 'Be the brightest star in the universe'
Cosmic Radiance
37.9%
2015, 'Everybody has an intimate fantasy'
Fantasy The Intimate Edition
36.4%
Her 21st and most recent fragrance as of 2017
Fantasy In Bloom
34.8%
2012, 'Choose Your Fantasy'
Fantasy Twist
33.3%
2013, '10 Hugs and 10 Kisses, xoxo -
Britney'
Fantasy The Anniversary Edition
30.3%
2014, 'Your faint Fantasy fragrance + limited edition bottle, xoxo -
Britney' EXTRA CLUE: Pop stars perform on a 'what?'
Fantasy: Stage Edition
27.3%
Quiz Playlist
Details
Report
Send in Message
Add To Playlist
Classic:
Type in answers that appear in a list
Last Updated: Feb 16, 2017
Quiz Scoreboard
CHALLENGE
Sign Up to Join the Scoreboard
Show All
Scores
Hide
Comments
May contain spoilers
Recently Published
College Basketball Coaching Resumes
by pancakes188
Sports
9m
Billboard Blitz: Fleetwood Mac
by CooCooCachoo
Music
15s
Presidents Visiting Landmarks
by Hejman
History
7m
More to Explore
Quiz From the Vault
Featured Blog Post
Where Did the Easter Bunny Come From?
hide this ad
You Might Also Like...
Tags
Pop Music Quiz
Britney
Britney Spears
Perfume
Pop Culture
Today's Top Quizzes in Miscellaneous
Browse Miscellaneous
hide this ad
Today's Top Quizzes in Pop Music
Browse Pop Music
Top Contributed Quizzes in Miscellaneous
1
5-to-1: Fast Food
2
The JOE quick-fire general knowledge quiz: Day 174
3
The JOE quick-fire general knowledge quiz: Day 173
4
5-to-1: Cocktails
5
The JOE quick-fire general knowledge quiz: Day 172
6
Sunday Crossword: Famous Bodies of Water
7
The JOE quick-fire general knowledge quiz: Day 171
8
One Thing in Common: United Kingdom II
9
Named After an Animal - Odd One Out!
10
The JOE quick-fire quiz: Day 170
Explore More
Trending Topics
NBA
Disney
Harry Potter
Kpop
Anime
Crossword
Marvel
Puzzle
The Office
Pokémon
Country
NFL
WWE
Song
Soccer
hide this ad
More By:
JoshuaTonks
Quiz
Plays
Rating
Category
Featured
Created
Name the Britney Perfume
66
Miscellaneous
Jan 7, 2017
Go to Creator's Profile
Score Distribution
Quiz Creator Spotlight
JoshuaTonks
Follow
Send a Message
Quizzes Created
-
Created Quiz Play Count
-
More By This Creator
Popular Quizzes Today
1
Find the US States - No Outlines Minefield
2
Find the Countries of Europe - No Outlines Minefield
3
The Countries of the World
4
Find the US States
5
Risky Map Clicking: Biggest States A-Z
6
US States
7
Popular People in 1961
8
Movies - When Are They Set?
More Miscellaneous Quizzes
Slogan to Logo Match
Published
Trending Quizzes
Risky Map Clicking: Least Populous States A-Z
1-10 Letter G Words
1-10 Letter F Words
Risky Map Clicking: Next State Alphabetically
Risky Map Clicking: Biggest States A-Z
Recently Updated
Leaping Animals
pecheneg
Reality TV Shows (A-Z)
bhenderson79
Rickey Henderson's Hall of Fame Teammates
pecheneg
Champions League XIs: Arsenal
pecheneg
Quick Pick: Celebrities in WWE's Hall of Fame
aduchscher
A-Z Keypad Blitz II
pecheneg
Multiple Oscar Actors
pecheneg
Mystery Phrase Blitz: Oscar 'Best Actors'
pecheneg
F. Scott Fitzgerald Novels
LTH
Pick 3 Villains
ddd62291
Trending Topics
Anime
Harry Potter
Crossword
Kpop
Marvel
NBA
Disney
Song
Puzzle
WWE
Country
Soccer
Pokémon
NFL
The Office
Your Account Isn't Verified!
In order to create a playlist on Sporcle, you need to verify the email address you used during registration. Go to your
Sporcle Settings
to finish the process.
Report this User
Report this user for behavior that violates our
Community Guidelines
.
Details:
Send Report
Go to the Sporcle.com Mobile Site →
Comments